Epístolas ó cartas de Marco Tulio Cicerón, vulgarmente llamadas Familiares (Record no. 10900)

MARC details
000 -CABECERA
campo de control de longitud fija 01177nam a22002657a 4500
001 - NÚMERO DE CONTROL
campo de control BRCA_9281
003 - IDENTIFICADOR DEL NÚMERO DE CONTROL
campo de control FranzMayer
005 - FECHA Y HORA DE LA ÚLTIMA TRANSACCIÓN
campo de control 20230721130936.0
008 - DATOS DE LONGITUD FIJA--INFORMACIÓN GENERAL
campo de control de longitud fija 230721b |||||||| |||| 00| 0 eng d
040 ## - FUENTE DE LA CATALOGACIÓN
Centro catalogador/agencia de origen MFM
Lengua de catalogación esp
Centro/agencia transcriptor MFM
050 #4 - SIGNATURA TOPOGRÁFICA DE LA BIBLIOTECA DEL CONGRESO
Número de clasificación LE50
Número de documento/Ítem C53 1747
082 ## - NÚMERO DE LA CLASIFICACIÓN DECIMAL DEWEY
Número de edición PA6220.A25
100 1# - ENTRADA PRINCIPAL--NOMBRE DE PERSONA
Código de función/relación Autor
Nombre de persona Cicerón, Marco Tulio
9 (RLIN) 28904
240 1# - TÍTULO UNIFORME
Título uniforme Epístolas ó cartas de Marco Tulio Cicerón, vulgarmente llamadas Familiares
Medio Tomo III
Lenguaje de la obra español
245 0# - MENCIÓN DE TÍTULO
Título Epístolas ó cartas de Marco Tulio Cicerón, vulgarmente llamadas Familiares
Resto del título Tomo III
260 ## - PUBLICACIÓN, DISTRIBUCIÓN, ETC.
Lugar de publicación, distribución, etc. Valencia, España
Nombre del editor, distribuidor, etc. Hermanos de Orga
Fecha de publicación, distribución, etc. 1747
300 ## - DESCRIPCIÓN FÍSICA
Extensión 552
Dimensiones 18 cm
440 ## - MENCIÓN DE SERIE/PUNTO DE ACCESO ADICIONAL--TÍTULO
Título Epístolas ó cartas de Marco Tulio Cicerón vulgarmente llamadas familiares
Nombre de parte o sección de la obra Tomo III
9 (RLIN) 28905
500 ## - NOTA GENERAL
Nota general El libro tiene hojas dañadas a distintos niveles, en algunos casos esto dificulta la lectura
505 0# - NOTA DE CONTENIDO CON FORMATO
Nota de contenido con formato Texto en: españolDirigido a: teólogos, historiadores, obisposIncluye índice temático
650 1# - PUNTO DE ACCESO ADICIONAL DE MATERIA--TÉRMINO DE MATERIA
Fuente del encabezamiento o término Literatura romana
Término de materia o nombre geográfico como elemento de entrada Autores individuales
Subdivisión de forma Cicerón
9 (RLIN) 28906
651 2# - PUNTO DE ACCESO ADICIONAL DE MATERIA--NOMBRE GEOGRÁFICO
Fuente del encabezamiento o término Epístolas
Nombre geográfico Cartas "familiares"
Subdivisión de forma Mario Tulio Cicerón
9 (RLIN) 28907
700 1# - PUNTO DE ACCESO ADICIONAL--NOMBRE DE PERSONA
Código de función/relación Trad.
Nombre de persona Abril, Simón Pedro
9 (RLIN) 28908
942 ## - ELEMENTOS DE PUNTO DE ACCESO ADICIONAL (KOHA)
Fuente del sistema de clasificación o colocación Library of Congress Classification
Tipo de ítem Koha Libros
Holdings
Estado de retiro Estado de pérdida Fuente del sistema de clasificación o colocación Estado dañado No para préstamo Código de colección Localización permanente Ubicación/localización actual Fecha de adquisición Fuente de adquisición Total de préstamos Signatura topográfica completa Código de barras Fecha visto por última vez Precio válido a partir de Tipo de ítem Koha
El ejemplar forma parte de la colección y puede ser consultado según las políticas vigentes.   Library of Congress Classification     Conventual Franz Mayer Biblioteca del Museo Franz Mayer (Rogerio Casas-Alatriste) Biblioteca del Museo Franz Mayer (Rogerio Casas-Alatriste) 21/07/2023 Donación   LE50 C53 1747 CFM00517 21/07/2023 21/07/2023 Libros